Industrial archaeology review.

Bibliographic Details
Corporate Author: Association for Industrial Archaeology
Format: Journal
Language:English
Published: [London] : Oxford University Press.
Subjects:
Online Availability: Check for online availability

MARC

Tag First Indicator Second Indicator Subfields
LEADER 00000cas a2200000 4500
001 in00000772016
005 20151017051222.0
008 771116c19769999enktr p 0 a0eng
010 |a  77643082  
016 7 |a 100967960  |2 DNLM 
022 0 |a 0309-0728  |2 z 
029 1 |a NLM  |b 100967960 
029 1 |a NLGGC  |b 770033083 
029 1 |a NZ1  |b 2799693 
029 1 |a AU@  |b 000001088340 
029 1 |a AU@  |b 000026180893 
035 |a (OCoLC)ocm03423583 
035 |a (OCoLC)03423583 
035 |9 ADK5252AM 
035 |a (OCoLC)3423583 
037 |b Oxford Journals, Press Road, Neasden, London, Eng. NW 10 0DD 
040 |a DLC  |c DLC  |d NSD  |d DLC  |d OCL  |d NST  |d AIP  |d NST  |d AIP  |d NST  |d SYS  |d NLM  |d OCLCQ  |d NLGGC  |d MYG  |d CUS  |d UtOrBLW 
042 |a lc  |a nsdp 
049 |a TXAM 
050 0 0 |a T37  |b .I53 
082 0 4 |a 609/.41 
210 0 |a Ind. archaeol. rev. 
222 0 |a Industrial archaeology review 
245 0 0 |a Industrial archaeology review. 
264 1 |a [London] :  |b Oxford University Press. 
300 |a volumes :  |b illustrations ;  |c 25 cm. 
336 |a text  |b txt  |2 rdacontent 
337 |a unmediated  |b n  |2 rdamedia 
338 |a volume  |b nc  |2 rdacarrier 
362 0 |a v. 1- autumn 1976- 
500 |a Description based on: Volume 6, number 1 (winter 1981/82). 
530 |a Also issued online. 
550 |a Vols. for autumn 1976- issued by Oxford University Press with the Association for Industrial Archaeology. 
650 0 |a Industrial archaeology  |v Periodicals. 
650 1 7 |a Industriële archeologie.  |2 gtt 
710 2 |a Association for Industrial Archaeology. 
776 0 8 |t Industrial archaeology review (Online)  |w (OCoLC)60627135 
850 |a CU  |a CtY  |a DLC  |a ICRL  |a INS  |a IaAS  |a IaU  |a MdU  |a NN  |a NNC  |a NvU  |a PU  |a TxCM  |a UPB  |a WU 
891 0 3 |9 853  |8 1  |a v.  |b no.  |i (year)  |j (season) 
891 4 0 |9 863  |8 1  |a <1>-  |i <1976/1977>-  |x provisional 
891 0 0 |9 853  |8 2  |a v.  |i (year) 
891 4 0 |9 863  |8 2  |a <19>-  |i <1997>-  |x provisional 
936 |a summer 1977 
949 |a updated  |b h  |c 2009/12/17  |e spoltoratski  |f 10:44:49 am 
994 |a C0  |b TXA 
999 |a MARS 
999 f f |s 9f14eb1e-42d5-3c84-ae3d-8dababa194d3  |i bb5dbc36-c153-3a2a-b6ca-d55e7859a532  |t 0 
952 f f |p ric  |a Texas A&M University  |b Rellis Campus  |c Joint Library Facility  |d Remote Storage  |t 0  |e T37 .I53  |h Library of Congress classification  |i unmediated -- volume  |k v.18  |l 1995/1996  |m A14822514006 
952 f f |p ric  |a Texas A&M University  |b Rellis Campus  |c Joint Library Facility  |d Remote Storage  |t 0  |e T37 .I53  |h Library of Congress classification  |i unmediated -- volume  |k v.33  |l 2011  |m A14843482796 
952 f f |p ric  |a Texas A&M University  |b Rellis Campus  |c Joint Library Facility  |d Remote Storage  |t 0  |e T37 .I53  |h Library of Congress classification  |i unmediated -- volume  |k v.36  |l 2014  |m A14843482762 
952 f f |p ric  |a Texas A&M University  |b Rellis Campus  |c Joint Library Facility  |d Remote Storage  |t 0  |e T37 .I53  |h Library of Congress classification  |i unmediated -- volume  |k v.34  |l 2012  |m A14843482788 
952 f f |p ric  |a Texas A&M University  |b Rellis Campus  |c Joint Library Facility  |d Remote Storage  |t 0  |e T37 .I53  |h Library of Congress classification  |i unmediated -- volume  |k v.11 -v.12  |l 1988/1989-1989/1990  |m A14812929275 
952 f f |p ric  |a Texas A&M University  |b Rellis Campus  |c Joint Library Facility  |d Remote Storage  |t 0  |e T37 .I53  |h Library of Congress classification  |i unmediated -- volume  |k v.26  |l 2004  |m A14834466390 
952 f f |p ric  |a Texas A&M University  |b Rellis Campus  |c Joint Library Facility  |d Remote Storage  |t 0  |e T37 .I53  |h Library of Congress classification  |i unmediated -- volume  |k v.22  |l 2000  |m A14829664161 
952 f f |p ric  |a Texas A&M University  |b Rellis Campus  |c Joint Library Facility  |d Remote Storage  |t 0  |e T37 .I53  |h Library of Congress classification  |i unmediated -- volume  |k v.29  |l 2007  |m A14834766619 
952 f f |p ric  |a Texas A&M University  |b Rellis Campus  |c Joint Library Facility  |d Remote Storage  |t 0  |e T37 .I53  |h Library of Congress classification  |i unmediated -- volume  |k v.30  |l 2008  |m A14838977848 
952 f f |p ric  |a Texas A&M University  |b Rellis Campus  |c Joint Library Facility  |d Remote Storage  |t 0  |e T37 .I53  |h Library of Congress classification  |i unmediated -- volume  |k v.7-8  |l 1984-1986  |m A14826013395 
952 f f |p ric  |a Texas A&M University  |b Rellis Campus  |c Joint Library Facility  |d Remote Storage  |t 0  |e T37 .I53  |h Library of Congress classification  |i unmediated -- volume  |k v.27  |l 2005  |m A14835873752 
952 f f |p ric  |a Texas A&M University  |b Rellis Campus  |c Joint Library Facility  |d Remote Storage  |t 0  |e T37 .I53  |h Library of Congress classification  |i unmediated -- volume  |k v.32  |l 2010  |m A14839423143 
952 f f |p ric  |a Texas A&M University  |b Rellis Campus  |c Joint Library Facility  |d Remote Storage  |t 0  |e T37 .I53  |h Library of Congress classification  |i unmediated -- volume  |k v.21  |l 1999  |m A14827368183 
952 f f |p ric  |a Texas A&M University  |b Rellis Campus  |c Joint Library Facility  |d Remote Storage  |t 0  |e T37 .I53  |h Library of Congress classification  |i unmediated -- volume  |k v.35  |l 2013  |m A14843482770 
952 f f |p ric  |a Texas A&M University  |b Rellis Campus  |c Joint Library Facility  |d Remote Storage  |t 0  |e T37 .I53  |h Library of Congress classification  |i unmediated -- volume  |k v.13  |l 1990/1991  |m A14815676164 
952 f f |p ric  |a Texas A&M University  |b Rellis Campus  |c Joint Library Facility  |d Remote Storage  |t 0  |e T37 .I53  |h Library of Congress classification  |i unmediated -- volume  |k v.23  |l 2001  |m A14829664200 
952 f f |p ric  |a Texas A&M University  |b Rellis Campus  |c Joint Library Facility  |d Remote Storage  |t 0  |e T37 .I53  |h Library of Congress classification  |i unmediated -- volume  |k v.24-25  |l 2002-2003  |m A14831471998 
952 f f |p ric  |a Texas A&M University  |b Rellis Campus  |c Joint Library Facility  |d Remote Storage  |t 0  |e T37 .I53  |h Library of Congress classification  |i unmediated -- volume  |k v.16  |l 1994  |m A14819032265 
952 f f |p ric  |a Texas A&M University  |b Rellis Campus  |c Joint Library Facility  |d Remote Storage  |t 0  |e T37 .I53  |h Library of Congress classification  |i unmediated -- volume  |k v.15  |l 1992/1993  |m A14818806679 
952 f f |p ric  |a Texas A&M University  |b Rellis Campus  |c Joint Library Facility  |d Remote Storage  |t 0  |e T37 .I53  |h Library of Congress classification  |i unmediated -- volume  |k v.14  |l 1991/1992  |m A14817148028 
952 f f |p ric  |a Texas A&M University  |b Rellis Campus  |c Joint Library Facility  |d Remote Storage  |t 0  |e T37 .I53  |h Library of Congress classification  |i unmediated -- volume  |k v.37  |l 2015  |m A14843482754 
952 f f |p ric  |a Texas A&M University  |b Rellis Campus  |c Joint Library Facility  |d Remote Storage  |t 0  |e T37 .I53  |h Library of Congress classification  |i unmediated -- volume  |k v.19-20  |l 1997-98  |m A14827368222 
952 f f |p ric  |a Texas A&M University  |b Rellis Campus  |c Joint Library Facility  |d Remote Storage  |t 0  |e T37 .I53  |h Library of Congress classification  |i unmediated -- volume  |k v.28  |l 2006  |m A14836408445 
952 f f |p ric  |a Texas A&M University  |b Rellis Campus  |c Joint Library Facility  |d Remote Storage  |t 0  |e T37 .I53  |h Library of Congress classification  |i unmediated -- volume  |k v.31  |l 2009  |m A14839419364 
952 f f |p ric  |a Texas A&M University  |b Rellis Campus  |c Joint Library Facility  |d Remote Storage  |t 0  |e T37 .I53  |h Library of Congress classification  |i unmediated -- volume  |k v.17  |l 1994/1995  |m A14820280758 
998 f f |a T37 .I53  |s v.7-37 (1984-2015)  |t 0  |l Remote Storage